| 000 | 01161nam a22002537a 4500 | ||
|---|---|---|---|
| 005 | 20170124103121.0 | ||
| 010 | _aB-068209 | ||
| 020 |
_c500.00 _a8174872701 |
||
| 035 | _aB-068209 | ||
| 037 | _bCen Lib/Ret | ||
| 040 |
_aDPL _bHN |
||
| 082 |
_a306.60954 _bगुप्तन |
||
| 100 |
_aगुप्त, नत्थूलाल _981878 |
||
| 245 |
_aभारत की धार्मिक परम्परा / _cनत्थूलाल गुप्त |
||
| 246 |
_aBharat ki dharmik parampara / _bby Naththulal Gupt |
||
| 260 |
_aनई दिल्ली _bराधा पब्लिकेशन्स _c2002 |
||
| 270 |
_a4378/4B, अंसारी रोड, दरियागंज _bनई दिल्ली _e110002 |
||
| 300 |
_axx,300पृ. _c20सेमी(सजिल्द) |
||
| 650 |
_aधर्म -- स्वरुप _93679 |
||
| 650 |
_aधर्मनिरपेक्षता -- ऐतिहासिक परिदृश्य _981879 |
||
| 650 |
_aReligion - form _981880 |
||
| 650 |
_aSecularism - the historic landscape _981881 |
||
| 942 |
_2ddc _cHN _h306.60954 _mगुप्तन |
||
| 999 |
_c118782 _d118782 |
||